000 00547nam a2200193Ia 4500
005 20260429112215.0
008 260429s9999||||xx |||||||||||||| ||und||
020 _a9788197005534
041 _aEnglish
082 _a515.352
_bXAV
100 _aXavier, Xavier
245 0 _aBasics of ordinary differential equations /
_cXavier Xavier
260 _aNew Delhi :
_bAsia Publishers,
_c2024.
300 _axi, 296 p.; hb
650 _a Mathematical analysis
650 _a Ordinary differential equations
650 _aMathematics
942 _cTB
999 _c52892
_d52892